1422 1055 1227 1061 1176 1100 1512 1191 1529 1485 1443 1850 1747 1659 1654 1497 1739 1840 1772 1114 1493 1880 1131 1722 1277 1744 1886 1799 1152 1564 1860 1882 1614 1564 1622 1333 1892 1120 1284 1684 1049 1282 1021 1567 1539 1980 1193 1996 1583 1192 1236 1320 1738 1151 1282 1583 1263 1266 1946 1458 1966 1883 1299 1966 1436 1087 1682 1802 1848 1442 1788 1462 1891 1335 1563 1321 1231 1687 1081 1413 1810 1190 1908 1912 1945 1885 1379 1784 1074 1106 1914 1165 1631 1676 1505 1230 1590 1806 1412 BCNSPRNW ULIB Ver.6.0+V

เปลี่ยนเป็นภาษาไทย

Change to English
 แสดงรายละเอียดบรรณานุกรม
  กลับหน้าหลัก

Brief Record : Get Marc (ISO 2709) : E-mail record : QR code < ปิดหน้าต่าง
LEADER : 00000nam 2200000uu 4500
001    13399110602
003     ULIB
008    110603s2551||||th 000 0 tha d
020    9789740585992
060 04 WQ300^bศ291ก
100 0  ศศิธร พุมดวง
245 10 การลดปวดในระยะคลอดโดยไม่ใช้ยา /^cศศิธร พุมดวง
250    พิมพ์ครั้งที่ 5
260    สงขลา :^bคณะพยาบาลศาสตร์ มหาวิทยาลัยสงขลานครินทร์,^c2552
300    114 หน้า :^bภาพประกอบ ;^c26 ซม.
650  7 การคลอด
650  7 การพยาบาลสูติศาสตร์
650  7 ดนตรีบำบัด
650  7 ความเจ็บปวด^xในระยะตั้งครรภ์^xการรักษา
945    ^p150^l0^i028835
945    ^p150^l0^i028834
945    ^p150^l0^i028833
945    ^p150^l0^i027038
945    ^p150^l0^i026086
945    ^p150^l0^i026085
945    ^p150^l0^i025002
945    ^p150^l0^i027037
945    ^p0^l0^i001497
995    ทศพร
999 ^a ใช้งานได้ทุกระบบ
รายการนี้ยังไม่มีแท็ก
คุณยังไม่ได้ล็อกอิน คุณสามารถมีกิจกรรมร่วมกับเว็บไซต์ได้ แต่ต้องล็อกอินก่อน ::
  ล็อกอิน

รายการสื่อสารสนเทศ

ลำดับที่ ประเภท เลขเรียก/บาร์โค้ด สถานที่ สถานะ
1. วิทยาศาสตร์การแพทย์ และสุขภาพ
วิทยาศาสตร์การแพทย์ และสุขภาพ
WQ300 ศ291ก ฉ.4 
  Barcode: 027037
ห้องสมุดวิทยาเขตสวรรค์ประชารักษ์
►ส่วนจัดเก็บหนังสือเก่า สปร
บนชั้น
  ขอยืม
2. วิทยาศาสตร์การแพทย์ และสุขภาพ
วิทยาศาสตร์การแพทย์ และสุขภาพ
WQ300 ศ291ก ฉ.5 
  Barcode: 027038
ห้องสมุดวิทยาเขตสวรรค์ประชารักษ์
►ส่วนจัดเก็บหนังสือเก่า สปร
บนชั้น
  ขอยืม
3. วิทยาศาสตร์การแพทย์ และสุขภาพ
วิทยาศาสตร์การแพทย์ และสุขภาพ
WQ300 ศ291ก ฉ.6 
  Barcode: 028833
ห้องสมุดวิทยาเขตสวรรค์ประชารักษ์
►ส่วนจัดเก็บหนังสือเก่า สปร
บนชั้น
  ขอยืม
4. วิทยาศาสตร์การแพทย์ และสุขภาพ
วิทยาศาสตร์การแพทย์ และสุขภาพ
WQ300 ศ291ก ฉ.7 
  Barcode: 028834
ห้องสมุดวิทยาเขตสวรรค์ประชารักษ์
►ส่วนจัดเก็บหนังสือเก่า สปร
บนชั้น
  ขอยืม
5. วิทยาศาสตร์การแพทย์ และสุขภาพ
วิทยาศาสตร์การแพทย์ และสุขภาพ
สถานะ=หนังสือเก่า
WQ300 ศ291ก ฉ.8 
  Barcode: 028835
ห้องสมุดวิทยาเขตสวรรค์ประชารักษ์
►ส่วนจัดเก็บหนังสือเก่า สปร
บนชั้น
  ขอยืม
6. Book การพยาบาล
Book การพยาบาล
WQ300 ศ291ก ฉ.9 
  Barcode: 001497
ห้องสมุดวิทยาเขตสวรรค์ประชารักษ์
►หนังสือทั่วไป
บนชั้น

รายการใกล้เคียง
    ผู้แต่ง [ศศิธร พุมดวง]

    หัวเรื่อง [การคลอด]
    หัวเรื่อง [การพยาบาลสูติศาสตร์]
    หัวเรื่อง [ดนตรีบำบัด]

BibComment


ยังไม่เคยถูกคอมเมนท์

คอมเมนท์ทรัพยากรรายการนี้
  คอมเมนท์: การลดปวดในระยะคลอ..


 Copyright 2026. Bcnsprnw @Library